Entry Personal Name
Number of records used in: 1
001 - CONTROL NUMBER
003 - CONTROL NUMBER IDENTIFIER
005 - DATE AND TIME OF LATEST TRANSACTION
- control field:
20230923142625.0
008 - FIXED-LENGTH DATA ELEMENTS
- fixed length control field:
130903n| azannaabn |n aaa
010 ## - LIBRARY OF CONGRESS CONTROL NUMBER
- LC control number:
n 2013055036
040 ## - CATALOGING SOURCE
- Original cataloging agency:
DLC
- Language of cataloging:
eng
- Description conventions:
rda
- Transcribing agency:
DLC
046 ## - SPECIAL CODED DATES
100 1# - HEADING--PERSONAL NAME
- Personal name:
Kumar, Ajit,
- Dates associated with a name:
1972-
670 ## - SOURCE DATA FOUND
- Source citation:
A basic course in real analysis, 2014:
- Information found:
ECIP t.p. (Ajit Kumar) data view (b. Dec. 26, 1972; facult member, Institute of Chemical Technology, Mumbai, India)